Quản lý nguồn nhân lực trong khu vực Nhà nước T.1
Đề cập đến quản lý nguồn nhân lực trong khu vực nhà nước- nguyên tắc và mục đích. Phân tích nghề nghiệp, công việc và năng lực làm việc
Đã lưu trong:
| Tác giả chính: | |
|---|---|
| Định dạng: | Sách |
| Năm xuất bản: |
H.
Chính trị Quốc gia
2002
|
| Chủ đề: | |
| Tags: |
Thêm thẻ
Không có thẻ, Hãy là người đầu tiên gắn thẻ bản ghi này!
|
| LEADER | 00781nam a2200157 4500 | ||
|---|---|---|---|
| 082 | |a 658.3 |b B100T | ||
| 100 | |a Batal, Christian | ||
| 245 | |a Quản lý nguồn nhân lực trong khu vực Nhà nước |c Christian Batal; Phạm Quỳnh Hoa dịch |n T.1 | ||
| 260 | |a H. |b Chính trị Quốc gia |c 2002 | ||
| 300 | |a 293 tr. |c 19 cm | ||
| 520 | |a Đề cập đến quản lý nguồn nhân lực trong khu vực nhà nước- nguyên tắc và mục đích. Phân tích nghề nghiệp, công việc và năng lực làm việc | ||
| 653 | |a Quản lý | ||
| 653 | |a quản trị nhân lực | ||
| 942 | |2 ddc |c SH | ||
| 999 | |c 9806 |d 9806 | ||
| 952 | |0 0 |1 0 |2 ddc |4 0 |6 658_300000000000000_B100T |7 0 |8 600 |9 77445 |a qbu |b qbu |c D3 |d 2015-06-11 |g 25000 |l 1 |o 658.3 B100T |p 9414.c1 |r 2020-06-08 |s 2020-05-07 |w 2015-06-11 |y SH | ||